| 000 | 01475nam a2200337 c 4500 | ||
|---|---|---|---|
| 003 | BLK | ||
| 005 | 20180420231429.0 | ||
| 008 | 180409b bul|||||r ||||||| ||bul|| | ||
| 010 | _aKNG00125550000 | ||
| 040 | _aBLK | ||
| 041 |
_aBUL _cBUL |
||
| 080 |
_aСоциално осигуряване при старост, инвалидност. Пенсии _b368.43 _x:351.83(497.2) _z368.43:351.83(497.2) |
||
| 100 | 1 |
_aАнгелова, Велика Стоева _eпърви автор _9316391 |
|
| 139 |
_aАнгелова, Велика Стоева _bА 64 |
||
| 245 | 1 | 0 |
_aПенсионното осигуряване в България _bОчерк _cВелика Стоева Ангелова. |
| 257 | _aBGR | ||
| 260 |
_аСофия _bПрофиздат _c1979 |
||
| 300 |
_a160 с. _bс табл. _c17 см |
||
| 380 | _a3 | ||
| 490 | 1 |
_aБиблиотека за профсъюзния актив _v1 |
|
| 650 | 4 |
_aПенсии - България - обществено осигуряване _9315851 |
|
| 650 | 4 |
_aТрудово законодателство - България _9248378 |
|
| 651 | 4 |
_aБългария _9241624 |
|
| 653 | _aпенсионно осигуряване | ||
| 653 | _aтрудово законодателство | ||
| 852 | _aЦб І 16965 | ||
| 856 | 4 |
_qpdf _u |
|
| 856 | 4 |
_qpdf _u |
|
| 942 |
_cKNG _n0 |
||
| 944 |
_aCR _c07.09.2011 _l07.09.2011 - от С1,Р / 07.09.2011 _kВиолета_Тройчева |
||
| 944 |
_aED _c07.09.2011 _l07.09.2011 - от С1,Р / 07.09.2011 _k |
||
| 999 |
_c119934 _d119934 |
||